Velká čísla - Statistics

General Stats
  • This quiz has been taken 72 times
  • The average score is 10 of 37
Answer Stats
Deset na...
(mocninový zápis)
Název čísla % Correct
0 jedna
94%
1 deset
79%
2 sto
71%
3 tisíc
69%
6 milion
68%
12 bilion
66%
9 miliarda
65%
18 trilion
56%
15 biliarda
48%
21 triliarda
48%
24 kvadrilion
44%
27 kvadriliarda
29%
36 sextilion
21%
100 googol
19%
33 kvintiliarda
19%
30 kvintilion
19%
57 noniliarda
19%
54 nonilion
19%
51 oktiliarda
19%
48 oktilion
19%
45 septiliarda
19%
42 septilion
19%
39 sextiliarda
19%
63 deciliarda
13%
60 decilion
13%
69 undeciliarda
13%
66 undecilion
13%
75 duodeciliarda
6%
72 duodecilion
6%
93 kvindeciliarda
5%
90 kvindecilion
5%
99 sexdeciliarda
5%
96 sexdecilion
5%
84 kvadrodecilion
3%
81 tredeciliarda
3%
78 tredecilion
3%
87 kvadrodeciliarda
2%
No matching quizzes found
Score Distribution
Percent of People with Each Score
Percentile by Number Answered
Your Score History
You have not taken this quiz